000 00247 a2200097 4500
020 _a9789386006417
100 _aSHEBEER BASHEER
_9119061
245 _aTEXTBOOK OF ADVANCED NURSING PRATICE
250 _a2ND
260 _bEMMESS MEDICAL PUBLISHERS
_c2022
999 _c97429
_d97429